| 000 | 00517nam a22001937a 4500 | ||
|---|---|---|---|
| 003 | KOHA_MİRAKIL | ||
| 005 | 20250421144715.0 | ||
| 008 | 250421b tu ||||| |||| 00| 0 tur d | ||
| 020 | _a9789755336923 | ||
| 040 |
_aTR-AnABB _btur _cTR-AnABB |
||
| 041 | _atur | ||
| 082 |
_a813.42 _bTUR 2011 |
||
| 100 | 1 | _aTürksoy, Turgut | |
| 245 | 1 | 0 |
_aDilruba / _cTurgut Türksoy / |
| 260 |
_aAnkara : _bİmge Kitabevi _c2011 |
||
| 300 |
_a231 sayfa ; _c21 cm |
||
| 650 | 0 | 4 | _aTürk edebiyatı, roman |
| 942 |
_2ddc _cBK |
||
| 999 |
_c8801 _d8801 |
||
| 900 | _bGizem YORULMAZ | ||